[Event "Waldviertler-ch"]
[Site "Litschau"]
[Date "2005.06.09"]
[Round "1"]
[White "Orsario, Wolfgang"]
[Black "Uitz, Stefan"]
[Result "1-0"]
[WhiteElo "1774"]
[BlackElo "1263"]
[PlyCount "69"]
[EventDate "2005.06.09"]
[EventType "swiss"]
[EventRounds "5"]
[EventCountry "AUT"]
[SourceTitle "EXT 2006"]
[Source "ChessBase"]
[SourceDate "2005.11.24"]
[SourceVersion "1"]
[SourceVersionDate "2005.11.24"]
[SourceQuality "1"]

1. d4 d5 2. Nc3 Nf6 3. Bg5 Nc6 4. e3 Bg4 5. f3 Bf5 6. a3 e6 7. Bb5 Qd7 8. Nge2 Be7 9. g4 Bg6 10. Nf4 a6 11. Nxg6 fxg6 12. Bd3 0-0-0 13. Qe2 h6 14. Bf4 g5 15. Bg3 h5 16. 0-0-0 Bd6 17. Bf2 hxg4 18. fxg4 e5 19. Bf5 Qxf5 20. gxf5 exd4 21. exd4 Bf4+ 22. Kb1 Rhe8 23. Qf3 Na5 24. Ne2 Nc4 25. Nxf4 gxf4 26. Qxf4 Nh5 27. Qg5 Nf6 28. Qxg7 Rf8 29. Bh4 Rd6 30. Qxf8+ Rd8 31. Qxf6 Re8 32. Rhe1 Kb8 33. Rxe8+ Ka7 34. Qd8 Nb6 35. Qb8# 1-0